[Event "Tan Chin Nam Cup 5th"]
[Site "Shenyang"]
[Date "1999.07.13"]
[Round "5"]
[White "Ye, Jiangchuan"]
[Black "Sutovsky, Emil"]
[Result "1/2-1/2"]
[WhiteElo "2593"]
[BlackElo "2587"]
[Annotator "Atlas,V"]
[PlyCount "70"]
[EventDate "1999.07.08"]
[EventType "tourn"]
[EventRounds "9"]
[EventCountry "CHN"]
[EventCategory "13"]
[SourceTitle "CBM 073"]
[Source "ChessBase"]
[SourceDate "1999.12.01"]
[SourceVersion "1"]
[SourceVersionDate "1999.12.01"]
[SourceQuality "1"]

1. e4 c5 2. Nf3 d6 3. d4 cxd4 4. Nxd4 Nf6 5. Nc3 a6 6. Be3 Ng4 7. Bg5 h6 8. Bh4
g5 9. Bg3 Bg7 10. Be2 h5 11. Bxg4 hxg4 12. O-O Nc6 ({Probably, the strongest
continuation in this line. Both main alternatives:} 12... Bxd4 13. Qxd4 f6 14.
Nd5 Nc6 15. Qe3 Be6 16. Nb6 Rb8 17. c4 Kf7 18. c5 dxc5 19. Qxc5 Qg8 20. f4 gxf3
21. Rxf3 {Shirov,A-Salov,V/Wijk aan Zee 1998/CBM 63}) ({and} 12... e6 13. Re1
Be5 14. Re3 Nd7 15. Nb3 Bxg3 16. Rxg3 Ne5 17. Qd4 f6 18. Rd1 Ke7 19. Nc1 Qc7
20. Nd3 Bd7 21. Nxe5 dxe5 22. Qb4+ Kf7 23. Rxg4 {1-0 Jenni,F-Naumann,A/Baden
1999/CBM 71_07 (58) yield White better chances.}) 13. Nf5 Bxc3 ({Again, the
best line for Black. An attempt to play this structure without exchanging the
c3-knight led to the quick defeat in the game 1-0 Lanka,Z-Degraeve,J/Cappelle
1994/CBM 44:} 13... Bxf5 14. exf5 Qa5 15. Nd5 Be5 16. Bxe5 Nxe5 17. b4 Qd8 18.
c4 f6 19. b5 Kf8 20. Re1 Qd7 21. Nb6 Qxf5 22. Rxe5 dxe5 23. Nxa8 Kg7 24. Nc7
Qh7 25. h3 gxh3 26. Ne6+) 14. bxc3 {[%mdl 16]} Qa5 $5 ({An important
alternative to the main line continuation} 14... Bxf5 {, which also seem to be
currently satisfactory for Black:} 15. exf5 Ne5 (15... f6 16. Qxg4 Qa5 17. Rab1
O-O-O 18. Rb3 Rd7 19. Rfb1 Rc7 20. f3 Qd5 21. Re1 Kb8 22. Bf2 {1/2-1/2 Mainka,
R-Tischbierek,R/Baden-Baden 1992/CBM 33 (22)}) 16. Bxe5 (16. c4 Qc7 17. Rb1 f6
18. c5 Qxc5 19. Rxb7 Kf7 20. Bxe5 Qxe5 21. h3 Qe4 22. Qb1 gxh3 23. Qb3+ d5 24.
gxh3 g4 25. Rd1 Rad8 26. Rb4 Qe2 27. Qd3 Qxd3 28. Rxd3 gxh3 29. Kh2 Rc8 30. c3
Rh5 31. Rf3 Rg5 32. Rxh3 Rxf5 33. Rh7+ {1/2-1/2 Mainka,R-Gallagher,J/Eupen
1993/CBM 33 ext (33)}) 16... dxe5 17. Qxg4 f6 18. g3 (18. Rfd1 Qc7 19. Qa4+ b5
20. Qb3 Rc8 21. a4 e4 22. g3 e3 23. fxe3 Qe5 24. Qe6 Qxe6 25. fxe6 {1/2-1/2
O'Donnell,T-Gardner,R/CAN-ch 1994/EXT 97 (41)}) 18... Qc7 19. Rab1 b5 20. c4
Kf7 21. Rb4 Qc5 22. cxb5 axb5 23. a4 bxa4 24. Rxa4 Qxc2 25. Rxa8 Rxa8 26. Qh5+
Kg7 27. Qg6+ Kf8 {1/2-1/2 Miranovic,R-Ruck,R/HUN-chT1 1995/EXT 97 (27)}) 15.
Qxg4 f6 ({After} 15... Qxc3 $6 16. Qxg5 {White has a durable adavantage.}) 16.
Qf3 Ne5 17. Qe3 ({After this move Black manages easily to resolve all his
opening problems.} 17. Bxe5 $5 {was worth considering here:} Qxe5 18. h3 {
, with a very complex play.}) 17... Bxf5 18. exf5 Rc8 {[%csl Rc2,Rc3][%cal
Ga5c3,Gc8c2]} 19. Qa7 Kf7 20. Qxb7 Rxc3 21. Rfd1 Qc5 22. Rd2 (22. Rd5 $6 {
is easily parried by} Qc6) 22... Qc6 ({After} 22... Rc8 23. Qxa6 {White has
better chances, as his a-pawn is mobile and dangerous.}) 23. Rb1 Rc8 24. h3
Rxc2 (24... Qxb7 {fails to} 25. Rxb7 Rxc2 26. Rxd6 Rxa2 27. Bxe5 fxe5 28. Re6
$16) 25. Qb3+ Qc4 26. Rxc2 Qxb3 27. Rxb3 Rxc2 28. Bxe5 fxe5 {[%mdl 4096]} 29.
Ra3 Rc6 30. g4 Kf6 31. Kg2 e4 $6 ({Not the best continuation.} 31... d5 $5 {
was to be preferred here. After this move Black is threatening with further
advancement of his e-pawn, followed by ...Ke5 and ...d4. The text move allows
White to equalize the game.} 32. Ra5 (32. Kf3 e4+ 33. Ke3 Ke5) 32... Rd6) 32.
Ra5 $1 $11 {[%cal Ga5e5] Gaining control of the 5th rank and preventing
Black's king coming to e5 as well as advancement of the d-pawn.} Rc2 {[%csl
Rf2][%cal Gc2g2,Ge4e3] With the threat 33...e3.} (32... e6 {was an interesting
attempt to play on, but after} 33. fxe6 Kxe6 34. Rxg5 Rc2 35. Ra5 e3 36. Ra3
$140 $1 Rxf2+ 37. Kg3 {White has nothing to fear.}) 33. Kf1 Rc3 34. Kg2 ({
Certainlz, not} 34. Rxa6 Rxh3 35. a4 Ke5 $17) 34... Rc2 35. Kf1 Rc3 1/2-1/2

[Event "EtVas Vantaa GM"]
[Site "Myyrmanni"]
[Date "1999.07.25"]
[Round "6"]
[White "Yemelin, Vasily"]
[Black "Sammalvuo, Tapani"]
[Result "0-1"]
[WhiteElo "2500"]
[BlackElo "2393"]
[Annotator "Atlas,V"]
[PlyCount "64"]
[EventDate "1999.07.20"]
[EventType "tourn"]
[EventRounds "9"]
[EventCountry "FIN"]
[EventCategory "8"]
[SourceTitle "CBM 072"]
[Source "ChessBase"]
[SourceDate "1999.10.01"]
[SourceVersion "1"]
[SourceVersionDate "1999.10.01"]
[SourceQuality "1"]

1. e4 c5 2. Nf3 d6 3. d4 cxd4 4. Nxd4 Nf6 5. Nc3 a6 6. Rg1 h6 7. g4 g5 8. Bc4 (
{A principal alternative is} 8. h4 gxh4 9. Be3 Nc6 10. Nd5 Nxd5 11. exd5 Qa5+
12. c3 Nxd4 13. Qxd4 Rg8 14. Bc4 Qa4 15. Kd2 Bd7 16. f3 Bg7 17. Qd3 Bb5 18.
Bxb5+ axb5 19. g5 h5 20. g6 Rf8 21. Ke2 b4 22. a3 bxc3 23. bxc3 Rc8 {0-1
Conquest,S-Sadler,M/Torquay 1998/CBM 66 ext (36)}) 8... Nbd7 9. h4 Ne5 10. Bb3
$6 (10. Be2 {seems to be a better choice in this position.}) 10... Bxg4 11.
Rxg4 (11. f3 {is strongly met by} Qb6 $1 12. fxg4 (12. Be3 Nxf3+ $19) (12. Ke2
Bd7 (12... Qxd4 $2 13. Qxd4 Nxf3 14. Qa4+ $18) 13. hxg5 hxg5 14. Bxg5 Rh2+ $17)
12... Qxd4 13. Qxd4 Nf3+ 14. Kf2 Nxd4 15. hxg5 Nxb3 $17) 11... Nfxg4 12. Ba4+
b5 13. Ncxb5 $2 ({After this move Black gets a large advantage. Correct was} 
13. Ndxb5 {, and now Black can choose between} Kd7 $5 ({and} 13... axb5 14.
Bxb5+ Nd7 15. Qxg4 Bg7 (15... e6 16. hxg5 hxg5 17. Bxg5 $16 {/^e8-a4}) 16. Bd2
$13) 14. Nd4+ (14. Qd5 axb5 15. Qb7+ Ke6) (14. Nxd6+ $2 Kc7 15. Ne8+ Kb7 16.
Nd5 e6 $19) 14... Kc8 15. f3 Qb6 $1 16. fxg4 $140 Qxd4 $17) 13... Qa5+ $1 {
This move clarifies the situation: White finds himself in a clearly inferior
position.} 14. Nc3+ Kd8 15. f3 Qc5 $1 $19 {[%csl Rd4,Rf3][%cal Gc5d4,Ge5f3,
Gf3d4,Gf3e1] The best continuation.The position can be already assessed as
winning for Black.} 16. fxg4 ({Or} 16. Nce2 Nxf3+ 17. Nxf3 Qf2+ $19) 16... Qxd4
17. Qxd4 (17. Qe2 Qg1+ $19) 17... Nf3+ 18. Kf2 Nxd4 19. hxg5 hxg5 20. Bxg5 {
The ending is hopeless for White.} Bg7 21. Nd5 Ra7 22. c3 Nb5 {Threatening 23..
.Rh2+.} (22... Ne6 23. Be3 Rb7 24. b4) 23. Kg1 (23. Kg2 Be5) 23... Be5 24. Rd1
$2 (24. Be3) 24... Rg8 {[%csl Rg4,Rg5][%cal Gg8g1]} 25. Be3 Rxg4+ 26. Kf2 Rb7
27. Nb4 Rxe4 28. Bb3 {With the threat 29.Bd5.} Nc7 (28... e6 $2 {fails to} 29.
Kf3 {, and Black has no} Rh4 $4 {in view of} 30. Bg5+ $18) 29. Bxf7 Kd7 30. Rh1
Bf4 $1 {Dissolving White's last illusions.} 31. Bd4 $2 {Blunder in a hopeless
position.} (31. Kf3 Rxe3+ 32. Kxf4 Re2 $19) 31... Rxb4 (31... Rxd4 {was also
winning on the spot.}) 32. Rd1 Rbxd4 {[%mdl 72]} 0-1

[Event "RUS-chT 06th"]
[Site "St Petersburg"]
[Date "1999.05.22"]
[Round "7"]
[White "Solovjov, Sergey"]
[Black "Nevostrujev, Vladimir"]
[Result "0-1"]
[WhiteElo "2447"]
[BlackElo "2466"]
[Annotator "Atlas,V"]
[PlyCount "58"]
[EventDate "1999.05.16"]
[EventType "team-tourn"]
[EventRounds "9"]
[EventCountry "RUS"]
[SourceTitle "EXT 2020"]
[Source "ChessBase"]
[SourceDate "2019.10.17"]
[SourceVersion "1"]
[SourceVersionDate "2019.10.17"]
[SourceQuality "1"]
[WhiteTeam "Murmansk OShK"]
[BlackTeam "Novokuznetsk"]
[WhiteTeamCountry "RUS"]
[BlackTeamCountry "RUS"]

1. e4 c5 2. Nf3 d6 3. d4 cxd4 4. Nxd4 Nf6 5. Nc3 a6 6. Be3 e5 7. Nb3 Be6 8. f3
h5 9. Qd2 Nbd7 10. f4 $6 (10. Nd5 Nxd5 11. exd5 Bf5 12. Be2 g6 13. Na5 Qc7 14.
O-O Bg7 15. c4 b6 16. Nc6 Nb8 17. Nxb8 Rxb8 18. b4 O-O 19. Rac1 Rfd8 20. a4 Qd7
21. a5 bxa5 {1/2-1/2 Nijboer,F-Van Wely,L/Wijk aan Zee 1998/CBM 63 (35)}) (10.
a4 Be7 11. a5 O-O 12. Be2 Rc8 13. O-O Nc5 14. Nxc5 dxc5 15. Qe1 c4 16. Kh1 Nd7
17. Na4 Bd6 {1/2-1/2 Bologan,V-Sakaev,K/St.Petersburg 1995/CBM 46 ext (17)}) (
10. O-O-O b5 11. Nd5 Nxd5 12. exd5 Bf5 13. Bd3 Bxd3 14. Qxd3 g6 15. f4 Bh6 16.
Rde1 Kf8 (16... O-O 17. f5 Bxe3+ 18. Rxe3 Qg5 19. Rf1 Nf6 {0-1 Kasimdzhanov,
R-Sadvakasov,D/Menorca 1996/Juniors (42)}) 17. Rhf1 Kg7 18. f5 Rc8 19. Kb1 Nf6
{1/2-1/2 Krakops,M-Sadvakasov,D/Menorca 1996/Juniors (39)}) 10... Rc8 11. Bd3
Be7 {Black simply continues development, not paying much attention to the
created tension in the centre.} 12. h3 (12. O-O-O {stright away might have
been better.} {After} Ng4 13. Kb1 Nxe3 14. Qxe3 Qb6 {the position with mutual
chances would arise.}) 12... b5 13. O-O-O b4 14. Nd5 (14. Na4 $5 O-O (14...
Bxb3 15. axb3 a5 16. fxe5 dxe5 $2 17. Bb5) (14... d5 $2 15. f5) 15. Qxb4 d5 16.
Qa5 dxe4 17. Qxd8 (17. Bxa6 Bxb3) 17... Rcxd8 18. Bxa6 Nd5 19. Bc5) 14... Bxd5
15. exd5 a5 16. Bb5 {White must prevent an advancement of a corner pawn, but
now Black gets control over the centre.} O-O 17. Kb1 Ne4 18. Qd3 f5 {[%mdl
2112]} 19. g4 exf4 20. gxf5 Ng3 21. Bxf4 (21. Rhg1 Ne5 22. Qd4 h4 23. Bxf4 (23.
Qxf4 Rxf5) 23... Nf3) 21... Nxh1 22. Rxh1 Ne5 23. Bxe5 dxe5 24. Qe2 Rxf5 ({
White were prepared to meet} 24... Qxd5 {with} 25. Rd1 Qa8 26. Bd7 {but Black
has other possibilities in his disposal.}) 25. Bd3 Qxd5 26. Rd1 $2 ({White
should have won back the material by means of} 26. Be4 {but it would not
change the outcome, since after} Qe6 27. Bxf5 Qxf5 28. Nxa5 e4 29. Nb3 Bf6 30.
Rc1 e3 $1 {Black's threats are decisive.}) 26... Qf3 $19 27. Qe1 Bh4 28. Qxh4
Qxd1+ 29. Nc1 Rf1 {[%csl Rb1,Rc1][%cal Gf1b1]} 0-1

[Event "Sigeman & Co 07th"]
[Site "Malmo"]
[Date "1999.06.14"]
[Round "6"]
[White "Movsesian, Sergei"]
[Black "Akesson, Ralf"]
[Result "1-0"]
[WhiteElo "2650"]
[BlackElo "2530"]
[Annotator "Atlas,V"]
[PlyCount "53"]
[EventDate "1999.06.??"]
[EventType "tourn"]
[EventRounds "9"]
[EventCountry "SWE"]
[EventCategory "14"]
[SourceTitle "CBM 072"]
[Source "ChessBase"]
[SourceDate "1999.10.01"]
[SourceVersion "1"]
[SourceVersionDate "1999.10.01"]
[SourceQuality "1"]

1. e4 c5 2. Nf3 d6 3. d4 cxd4 4. Nxd4 Nf6 5. Nc3 a6 6. Be3 Ng4 7. Bg5 h6 8. Bh4
g5 9. Bg3 Bg7 10. Be2 h5 11. Bxg4 Bxg4 12. f3 Bd7 13. Qd2 Nc6 14. Bf2 h4 $2 ({
A new and rather imprudent continuation. Besides the main line 14...Rb8, two
other options are quite popular:} 14... Ne5 15. b3 (15. Nd5 Rc8 {1/2-1/2
Edelman,D-Sakaev,K/Biel 1994/TD (15)}) (15. O-O Bh6 16. Nf5 Bxf5 17. exf5 g4
18. f4 O-O 19. Ne4 Rc8 20. Ng5 Nc4 21. Qd5 Qa5 22. Qd3 {1/2-1/2 Segal,A-Sasu
Ducsoara,A/Bratislava 1993/TD (48)}) 15... Rc8 16. Nd5 e6 17. Nf5 exd5 18.
Nxg7+ Kf8 19. Nf5 Bxf5 20. exf5 Qf6 21. O-O Qxf5 22. Qxd5 Rc6 {1/2-1/2
Bjerring,K-Rodriguez,A/Barbera 1997/EXT 99 (40)}) ({and} 14... Qa5 15. Rd1 Rc8
16. O-O Nxd4 17. Bxd4 Bxd4+ 18. Qxd4 Qc5 19. Rf2 Qxd4 20. Rxd4 Be6 21. Nd5 f6
22. Rfd2 b5 23. a4 h4 24. c3 Kf7 25. axb5 axb5 26. Rb4 Rc5 27. Ne3 Ra8 28. Kf2
Ra1 29. Rd1 Ra2 30. Ke1 Ke8 31. g3 hxg3 32. hxg3 Kd7 {1/2-1/2 Almasi,Z-Topalov,
V/Elista 1998/CBM 66 ext (32)}) 15. Nd5 Rb8 16. O-O-O $1 {The strongest
continuation. On the queenside the white king gets a secure residence. Text
prevents Black's short castle, as 16...0-0 loses to 17.Qg5.} e6 $2 ({After} 
16... b5 17. Nxc6 Bxc6 18. Bd4 {White has large and durable advantage.} (18.
Be3 $16)) (16... Ne5 {was more stubborn.}) 17. Nf5 $1 {[%csl Rb6,Rc7][%cal
Gf2b6,Gd5c7,Gb6d8][%mdl 4] This excellent and non-evident knight thrust yields
White excellent winning perspectives.} exf5 ({The only reasonable move. If} 
17... Bxb2+ {then} 18. Kxb2 exd5 (18... exf5 19. Bb6 $18) 19. Qc3 $18 (19.
Nxd6+ Kf8 20. Qc3 $18)) (17... exd5 {is no better:} 18. Nxg7+ Kf8 19. Nf5 {
, and White wins.}) 18. Bb6 Qc8 19. Nc7+ Kf8 20. Qxd6+ Kg8 21. Qxd7 Rh6 22.
Qxf5 Ne7 $2 ({Much more stubborn was} 22... Qxf5 23. exf5 Rf6 $16 {, although
White should win the ending.}) 23. Qa5 $1 (23. Qxc8+ $2 {would be a serious
mistake:} Rxc8 24. Ba5 (24. Rd7 $2 Rxb6 25. Rxe7 Bxb2+ $19) 24... Rc6 $1 (24...
b6 25. Rd7 Nc6 26. Bd2 Ne5 $132) 25. Rd7 b6 (25... Ng6 {/\b6}) 26. Rxe7 (26.
Bxb6 Rxb6 27. Rxe7 Rc6 $19) 26... bxa5 27. Re8+ Rxe8 28. Nxe8 Be5 $19) 23...
Nc6 (23... Rc6 {is strongly met by} 24. Rd2 {, wtih the idea 25.Rhd1+-}) 24.
Qa4 Ne7 25. Qb3 {[%cal Gc7d5,Gd1d8,Gb6d8]} Rc6 26. Nd5 Ng6 (26... Nxd5 27. exd5
{is hopeless for Black.}) 27. Ba7 {[%csl Ra8,Rb6,Rb8,Rc8][%cal Gd5b6,Ga7b8,
Gb6c8,Gb6a8][%mdl 8196]} (27. Ba7 $1 {The final accord!} {After} Ra8 28. Nb6 {
White is exchange and two pawns up.}) 1-0

[Event "FRA-ch"]
[Site "Chartres"]
[Date "2005.08.17"]
[Round "3"]
[White "Sokolov, Andrei"]
[Black "Kosten, Anthony C"]
[Result "1-0"]
[WhiteElo "2603"]
[BlackElo "2522"]
[Annotator "Atlas,V"]
[PlyCount "119"]
[EventDate "2005.08.15"]
[EventType "tourn"]
[EventRounds "11"]
[EventCountry "FRA"]
[EventCategory "13"]
[SourceTitle "CBM 109"]
[Source "ChessBase"]
[SourceDate "2005.11.14"]
[SourceVersion "1"]
[SourceVersionDate "2005.11.14"]
[SourceQuality "1"]

1. e4 c5 2. Nf3 d6 3. d4 Nf6 4. Nc3 cxd4 5. Nxd4 a6 6. Be3 e5 7. Nf3 Be7 8. Bc4
O-O 9. O-O Be6 10. Bb3 Nc6 11. Bg5 Na5 12. Bxf6 Bxf6 13. Nd5 Bg5 14. Nxg5 Qxg5
15. Qd3 Rac8 16. Ne3 Nxb3 17. axb3 Rc6 18. b4 Rfc8 19. b5 axb5 20. Qxb5 Qd8 21.
b3 Rb6 22. Qa5 g6 23. Rad1 Qc7 24. Rd3 Qc5 25. Qd2 Qc6 26. f3 Qc5 27. Kh1 Ra8
28. Rd1 Ra2 29. Rc3 Qa5 30. Rd3 Qc5 31. Qe1 Rba6 32. h3 Kg7 33. Kh2 h5 34. Qd2
Kh7 35. Qe1 Kg7 36. Qd2 Kh7 37. b4 Qa7 38. b5 R6a3 39. Rxa3 Qxa3 40. Nd5 Qc5 $6
(40... Bxd5 {was a better choice:} 41. Qxd5 Kg7 42. Qxd6 Qxd6 43. Rxd6 Rxc2 44.
Rd7 h4 $1 {, with chances to draw.}) 41. Nf6+ Kg7 42. Qg5 Kf8 43. Nh7+ Kg7 44.
Nf6 Kf8 45. Qh6+ Ke7 46. Nh7 Ra8 47. Qg5+ Ke8 48. Nf6+ Kf8 49. Nd5 Kg8 50. Nf6+
Kf8 51. Nd5 Kg8 52. Ne7+ Kh7 $2 ({The decisive mistake.} 52... Kf8 {loses after
} 53. Qf6) ({Essential was} 52... Kg7) {[%tqu "En","Black's last move was a
very bad slip. How to prove it?","Black's defensive construction on the
kingside is very fragile - try to destroy it!","Sacrifice your knight!","e7g6",
"This move breaks Black's defense and decides the game for White.",4]} 53. Nxg6
$1 {[%csl Re6,Rf7,Gg5,Gg6,Rh5,Rh7]} Qxc2 ({The knight is invulnerable:} 53...
fxg6 54. Qe7+ Kh6 {, and White has a pleasant choice between prosaic 55.Qe6 and
} 55. Rxd6 Re8 (55... Bc4 56. Rxg6+) 56. Qxe8 Qxd6 57. Qh8+ Kg5 58. h4+ Kf4 (
58... Kxh4 59. Qf6+ g5 60. g3#) 59. Qh6+ {, with mate on the next move. The
text move is, of course, losing too.}) 54. Rxd6 Rc8 55. Ne7 Qc1 56. Qxh5+ Kg7
57. Qxe5+ f6 58. Qg3+ Kf7 59. Nxc8 Qxc8 60. e5 1-0

[Event "EU-ch 6th"]
[Site "Warsaw"]
[Date "2005.06.28"]
[Round "10"]
[White "Naiditsch, Arkadij"]
[Black "Ftacnik, Lubomir"]
[Result "0-1"]
[WhiteElo "2626"]
[BlackElo "2540"]
[Annotator "Atlas,V"]
[PlyCount "80"]
[EventDate "2005.06.18"]
[EventType "swiss"]
[EventRounds "13"]
[EventCountry "POL"]
[SourceTitle "CBM 108"]
[Source "ChessBase"]
[SourceDate "2005.09.26"]
[SourceVersion "1"]
[SourceVersionDate "2005.09.26"]
[SourceQuality "1"]

1. e4 c5 2. Nf3 d6 3. d4 cxd4 4. Nxd4 Nf6 5. Nc3 a6 6. Be3 e5 7. Nb3 Be6 8. f3
h5 9. a4 Nbd7 10. a5 Rc8 11. Qd2 Be7 12. Be2 g6 13. Nd5 Bxd5 14. exd5 Nh7 15.
O-O Bg5 16. c4 O-O 17. Kh1 Re8 18. Rfc1 f5 19. Bf1 Bxe3 20. Qxe3 Qg5 21. Qa7 $1
Nhf6 22. Rc3 e4 ({If} 22... Rb8 {, then} 23. c5 $1 dxc5 24. Nxc5 Nxc5 25. Qxc5
{with a durable advantage.}) 23. Qxb7 exf3 24. gxf3 Qf4 25. Qa7 Rb8 26. Qg1 Kf7
27. Rb1 Rec8 28. Nd4 Qd2 29. Rc2 Qxa5 30. Nc6 Qa2 31. Re1 ({Better was} 31. Bd3
{, retaining a large advantage.}) 31... Re8 32. Rce2 $6 (32. Re6 {deserved
here serious attention.}) 32... Rxe2 33. Rxe2 Rxb2 34. Re7+ Kf8 35. Qe3 $2 ({
After this move White is in trouble. Correct was} 35. Re6 {, with
counterchances.}) 35... Rxh2+ 36. Kg1 Qd2 37. Qa7 Kg8 38. Re6 Qf4 39. Bg2 Qg3
40. Qf2 $2 (40. Re2 h4 41. Qf2 {was more stubborn, although Black has a
decisive advantage anyway.}) {[%tqu "En","Black is very close to victory. How
can he achieve it?","Exploit a shaky position of the white queen.","Use your
rook for the final blow.","h2h1","This move wins on the spot!",3]} 40... Rh1+ {
[%csl Rf2,Rg1,Rg2,Gg3,Gh1] , and White resigned, as he loses the queen.} 0-1

[Event "GER-ch 76th"]
[Site "Altenkirchen"]
[Date "2005.02.18"]
[Round "1"]
[White "Kraemer, Martin"]
[Black "Baramidze, David"]
[Result "0-1"]
[WhiteElo "2357"]
[BlackElo "2550"]
[Annotator "Atlas,V"]
[PlyCount "46"]
[EventDate "2005.02.18"]
[EventType "swiss"]
[EventRounds "9"]
[EventCountry "GER"]
[SourceTitle "CBM 106"]
[Source "ChessBase"]
[SourceDate "2005.06.06"]
[SourceVersion "1"]
[SourceVersionDate "2005.06.06"]
[SourceQuality "1"]

1. e4 c5 2. Nf3 d6 3. d4 cxd4 4. Nxd4 Nf6 5. Nc3 a6 6. Be3 e5 7. Nb3 Be6 8. f3
Be7 9. Qd2 Nbd7 10. g4 h6 11. O-O-O Qc7 12. Kb1 b5 13. Qf2 Rb8 14. h4 Nb6 15.
Bd3 Na4 16. Ne2 d5 17. g5 dxe4 18. Bxe4 Nxe4 19. fxe4 h5 20. Qg3 $6 (20. Ng3 {
was a better alternative. war eine bessere Alternative.}) 20... O-O 21. Nec1 $2
({A fatal mistake. Ein fataler Fehlgriff.} 21. Rd2 {/\Rhd1 was to be preferred.
/\Rhd1 war vorzuziehen.}) 21... Rfc8 22. Rh2 {[%tqu "En","All Black's pieces
are much better placed than their white counterparts. How should he continue?",
"Make use of the active placement of the a4-knight and try to weaken the
position of the enemy king.","Sacrifice your bishop!","e7a3","This impressive
bishop thrust spells a quick end for White.",5,"De","Sämtliche Figuren des
Schwarzen stehen deutlich besser als ihre weißen Gegenüber. Wie soll er jetzt
fortsetzen?","Bringen Sie die aktive Stellung des Springers a4 zur Geltung und
versuchen Sie, die feindliche Königsstellung zu schwächen.","Opfern Sie Ihren
Läufer!","e7a3","Nach diesem überraschenden Läuferausfall geht es mit Weiß
schnell zu Ende.",5]} Ba3 $1 {[%csl Ga3,Ga4,Rb1,Rb2,Rc3,Rd1] A terrific blow,
destroying White's defence. Ein prächtiger Zug, der die weiße Verteidigung
durchschlägt.} 23. Nd3 ({The bishop is invulnerable: Der Läufer ist
unantastbar:} 23. bxa3 Nc3+ 24. Ka1 Nxd1) 23... Bxb2 $1 ({The final blow. Now
the game is over: Die Schlusspointe. Damit ist die Partie vorbei:} 23... Bxb2
24. Nxb2 (24. Rg1 Ba3) 24... Nc3+ 25. Ka1 (25. Kc1 Nxa2+) 25... Bxb3 26. cxb3
Qa5 27. Nd3 Nxd1 {, winning. und gewinnt.}) 0-1